01610 2200421 4500001002100000005001500021035002000036007000300056008004100059020002200100040002200122082001500144084001700159100003000176245036000206250003400566300005200600650003100652700002300683700003600706700003300742700002200775700003600797700002300833700002600856700003000882700003100912850001200943264005400955336002101009337003001030338002301060090002201083090001901105999002201124990002201146990002001168INLIS00000000086167320210702010017 a0010-0621001208ta210628t2020 yoia g 0 ind d a978-602-386-898-8 aYOPDYOGbindcrda04223a304.62 a304.62 SUB p0 aSubagus Wahyuonoepenulis10aProsiding seminar online DGB memantapkan UGM sebagai universitas pancasilais membangun negara pancasilais dimulai dari UGM :bsiapkah teknologi Indonesia menghadapi covid-19 /cpenulis, Subagus Wahyuono, Koentjoro, Gunawan Soemodiningrat, Sri Nugroho Marsoem, Masyhuri, Widowati Siswomihardjo, Hastangka; penyunting, Hastaka, Heru Sutrisno, Probo Bhaskoro aCetakan pertama: Agustus 2020 a78 halaman :bilustrasi, gambar, tabel ;c25 cm 4aEpidemi--xAspek Demografi0 aKoentjoroepenulis0 aGunawan Soemodiningratepenulis0 aSri Nugroho Marsoemepenulis0 aMasyhuriepenulis0 aWidowati Siswomihardjoepenulis0 aHastangkaepenulis0 aHastangkaepenyunting0 aHeru Sutrisnoepenyunting0 aProbo Bhaskoroepenyunting aYOPDYOG31aYogyakarta :bGadjah Mada University Press,c2020 2rdacontentateks 2rdamediaatanpa perantara 2rdacarrieravolume aCB-D.11 2020-1177 aT 304.62 SUB p aCB-D.11/2020-1177 aCB-D.11/2020-1177 a67169-PD/A.2021